La educación del estilo. Claridad en la correspondencia, en los trabajos de redacción y en la composición literaria

Guardat en:
Dades bibliogràfiques
Autors principals: Jagot, Paul-Clément (Autor), Duchiez, F. (Autor)
Format: Llibre
Idioma:espanyol
Publicat: Santiago Ediciones Ercilla 1940
Edició:1a. ed
Col·lecció:Colección Ercilla
Matèries:
Etiquetes: Afegir etiqueta
Sense etiquetes, Sigues el primer a etiquetar aquest registre!

MARC

LEADER 00000nam a2200000 a 4500
001 UCJ6931
003 CL-VaPUC
008 070124e19400000CL |||||||||||||||||spa|d
082 0 4 |a 801  |b JAG  |2 21 
100 |a Jagot, Paul-Clément   |e author  |9 570515 
700 0 |a Duchiez, F.  |e author  |9 514580 
245 1 3 |a La educación del estilo. Claridad en la correspondencia, en los trabajos de redacción y en la composición literaria 
250 |a 1a. ed 
300 |a 157 p 
942 |c BK 
945 |d 20070124 00:00:00  |a rinostro 
260 |a Santiago  |b Ediciones Ercilla  |c 1940 
650 7 |a ESTILISTICA  |2 CL-VaPUC  |9 492355 
650 0 |a Redacción   |9 320524 
650 0 |a Lexicografía  |9 321487 
583 |a last modification  |c 20070124 00:00:00  |k Rodrigo Vera 
490 0 |a Colección Ercilla 
999 |c 323033  |d 323031 
952 |0 0  |1 0  |4 0  |6 801_000000000000000_JAG_1940  |7 0  |8 X  |9 402265  |a FDOBUD  |b FDOBUD  |d 2019-11-22  |i 1055089  |o 801 JAG 1940  |p 1055089  |r 2019-11-22  |w 2019-11-22  |y BK_X  |k BUD